| 000 | 00691nam a2200217 4500 | ||
|---|---|---|---|
| 003 | LK-CoMWRAF | ||
| 005 | 20231218103952.0 | ||
| 008 | 231119b2004 |||||||| |||| 00| 0 eng d | ||
| 020 | _a1892325047 | ||
| 040 |
_aLK-CoMWRAF _dLK-CoMWRAF _eLK-CoMWRAF |
||
| 041 | _aeng | ||
| 082 |
_a361.954 _bPHI |
||
| 245 | _aPhilanthropy and law in South Asia | ||
| 260 |
_aQuezon City: _bAsia Pacific Philanthropy Consortium, _c2004 |
||
| 300 |
_a385 p. ; 24 cm. _bIndex included |
||
| 650 | _aNONPROFIT ORGANIZATIONS--Law and legislation--South Asia | ||
| 650 | _aCharitable uses, trusts, and foundations--South Asia | ||
| 700 |
_aSidel, Mark _eed. |
||
| 700 |
_aZaman, Iftekhar _eed. |
||
| 942 | _cBK | ||
| 999 |
_c4155 _d4155 |
||